Coleccion de las memorias premiadas y de las que se acordó se imprimiesen sobre los quatro asuntos, que por encargo particular publicó la Real Sociedad Economica de amigos del país de esta Corte en el suplemento de la gazeta de 14 de agosto de 1781 : (Record no. 153174)

MARC details
000 -LEADER
campo de control de longitud fija 03568nam a2200481 i 4500
001 - NÚMERO DE CONTROL
campo de control 153174
003 - IDENTIFICADOR DE NÚMERO DE CONTROL
campo de control ES-MaACL
005 - FECHA Y HORA DE LA ÚLTIMA TRANSACCIÓN
campo de control 20251009200030.0
008 - DATOS DE LONGITUD FIJA--INFORMACIÓN GENERAL
campo de control de longitud fija 941007s1784 sp |||| | spa d
110 2# - ENTRADA PRINCIPAL--NOMBRE DE ENTIDAD CORPORATIVA
Nombre de entidad corporativa o nombre de jurisdicción como elemento de entrada Real Sociedad Económica Matritense de Amigos del País.
9 (RLIN) 6389
245 10 - MENCIÓN DEL TÍTULO
Título Coleccion de las memorias premiadas y de las que se acordó se imprimiesen sobre los quatro asuntos, que por encargo particular publicó la Real Sociedad Economica de amigos del país de esta Corte en el suplemento de la gazeta de 14 de agosto de 1781 :
Resto del título tratan del exercicio de la caridad y socorro de los verdaderos pobres, corrección de ociosos, destierro de la mendicidad voluntaria y fomento de la industria y aplicaciones.
260 ## - PUBLICACIÓN, DISTRIBUCIÓN, ETC.
Lugar de publicación, distribución, etc. Madrid :
Nombre del editor, distribuidor, etc. en la Imprenta Real,
Fecha de publicación, distribución, etc. 1784.
300 ## - DESCRIPCIÓN FÍSICA
Extensión 5 pt. ([4], XXXI, [4] p., [1] en bl. ; 395 p., [3], en bl. ; [2], 17 p., [1] en bl. ; [2], 55 p., [1] en bl. ; [2], 17 p., [1] en bl.) ;
Dimensiones 4º.
505 8# - NOTA DE CONTENIDO CON FORMATO
Nota de contenido con formato Contiene: pt. 1. Discurso preliminar e Índice -- pt. 2. Memorias sobre el exercicio discreto de la virtud de la caridad en el repartimiento de la limosna / Juan Sempere y Guarinos ; R.P. Fr. Miguel López ; Mariano García Zamora ; Lesmes Antonio del Mazo ; Francisco Rodríguez Nuño ; Fernando López de Cárdenas ; Santos Díez González ; P. Fr. Francisco Gallego ; Félix Antonio de Bobes ; Jaime Raluy y Aguilón ; Pedro Antonio Sánchez ; Vicente Miguel de Ortega ; Abate Vincencio Pico -- pt. 3. Memoria unica sobre la influencia que tiene en las costumbres la general aplicación al trabajo... / Eugenio Antonio del Riego -- pt. 4. Memorias sobre los medios de desterrar la costumbre de acudir en tropas mugeres y muchachos a pedir limosna a los forasteros / Manuel José Marín y Borda y José Julián de Azcoytia -- pt. 5. Memoria unica sobre la comodidad y limpieza de las casas, calles y salidas de los pueblos, como estimule á la civilidad é industria, medios practicos para promover esta limpieza y comodidad pública, y obligacion en quanto á esto de las personas principales de los mismos pueblos: asunto quarto de los quatro... / Eugenio Antonio del Riego
530 ## - NOTA DISPONIBLE DE FORMULARIO FÍSICO ADICIONAL
Nota de formato físico adicional disponible Disponible en formato digital.
597 ## - NOTA DE DESCRIPCIÓN FÍSICA
NOTA DE DESCRIPCIÓN FÍSICA Antep.
597 ## - NOTA DE DESCRIPCIÓN FÍSICA
NOTA DE DESCRIPCIÓN FÍSICA Port. con grab. xil. real.
597 ## - NOTA DE DESCRIPCIÓN FÍSICA
NOTA DE DESCRIPCIÓN FÍSICA Cada parte con port. y pag. propias.
597 ## - NOTA DE DESCRIPCIÓN FÍSICA
NOTA DE DESCRIPCIÓN FÍSICA Sign.: [ ]2, b-e4, A-3C4, 3D2; []1, A4, B5; [ ]1, A-G4; A-B4, C2.
650 #4 - PUNTO DE ACCESO ADICIONAL DE MATERIA--TÉRMINO DE MATERIA
Término de materia o nombre geográfico como elemento de entrada Mendicidad-
Subdivisión geográfica España.
9 (RLIN) 174640
650 #4 - PUNTO DE ACCESO ADICIONAL DE MATERIA--TÉRMINO DE MATERIA
Término de materia o nombre geográfico como elemento de entrada Beneficencia-
Subdivisión geográfica España-
Subdivisión cronológica S.XVIII.
9 (RLIN) 172819
650 #4 - PUNTO DE ACCESO ADICIONAL DE MATERIA--TÉRMINO DE MATERIA
Término de materia o nombre geográfico como elemento de entrada Vagancia (Derecho)
9 (RLIN) 167522
650 #4 - PUNTO DE ACCESO ADICIONAL DE MATERIA--TÉRMINO DE MATERIA
Término de materia o nombre geográfico como elemento de entrada Limpieza urbana.
9 (RLIN) 148913
700 1# - ENTRADA AGREGADA--NOMBRE PERSONAL
Nombre de persona Sampere y Guarinos, Juan.
9 (RLIN) 102198
700 1# - ENTRADA AGREGADA--NOMBRE PERSONAL
Nombre de persona López, Miguel,
Fechas asociadas al nombre s. XVIII
9 (RLIN) 174641
700 1# - ENTRADA AGREGADA--NOMBRE PERSONAL
Nombre de persona García Zamora, Mariano.
9 (RLIN) 55458
700 1# - ENTRADA AGREGADA--NOMBRE PERSONAL
Nombre de persona Mazo, Lesmes Antonio del.
9 (RLIN) 79481
700 1# - ENTRADA AGREGADA--NOMBRE PERSONAL
Nombre de persona Rodríguez Nuño, Francisco.
9 (RLIN) 98702
700 1# - ENTRADA AGREGADA--NOMBRE PERSONAL
Nombre de persona López de Cárdenas, Fernando.
9 (RLIN) 73533
700 1# - ENTRADA AGREGADA--NOMBRE PERSONAL
Nombre de persona Díez González, Santos.
9 (RLIN) 44741
700 1# - ENTRADA AGREGADA--NOMBRE PERSONAL
Nombre de persona Gallego, Francisco,
Fechas asociadas al nombre s. XVIII
9 (RLIN) 174644
700 1# - ENTRADA AGREGADA--NOMBRE PERSONAL
Nombre de persona Bobes, Félix Antonio de.
9 (RLIN) 29646
700 1# - ENTRADA AGREGADA--NOMBRE PERSONAL
Nombre de persona Raluy y Aguilón, Jaime.
9 (RLIN) 174642
700 1# - ENTRADA AGREGADA--NOMBRE PERSONAL
Nombre de persona Sánchez, Pedro Antonio.
9 (RLIN) 102419
700 1# - ENTRADA AGREGADA--NOMBRE PERSONAL
Nombre de persona Ortega, Vicente Miguel de.
9 (RLIN) 174643
700 1# - ENTRADA AGREGADA--NOMBRE PERSONAL
Nombre de persona Riego, Eugenio Antonio del.
9 (RLIN) 97085
700 1# - ENTRADA AGREGADA--NOMBRE PERSONAL
Nombre de persona Marín y Borda, Manuel José.
9 (RLIN) 174645
700 1# - ENTRADA AGREGADA--NOMBRE PERSONAL
Nombre de persona Azcoitia, José Julián.
9 (RLIN) 174646
710 2# - ENTRADA AGREGADA--NOMBRE DE ENTIDAD CORPORATIVA
Nombre de entidad corporativa o nombre de jurisdicción como elemento de entrada Imprenta Real (Madrid)
9 (RLIN) 134468
852 4# - LOCALIZACIÓN
Ubicación ES-MaACL
Número de control de estantería R-208
Nota libre - Enc. hol.
Encuadernación - Olim: F-23
856 4# - LOCALIZACIÓN Y ACCESO ELECTRÓNICOS
Identificador Uniforme de Recursos <a href="http://bdh-rd.bne.es/viewer.vm?id=0000082582&page=1 ">http://bdh-rd.bne.es/viewer.vm?id=0000082582&page=1 </a>
Nota pública Biblioteca Digital Hispánica
Holdings
Estatus retirado Estado de pérdida Estado de daño No para préstamo Colección Biblioteca de origen Biblioteca actual Ubicación en estantería Fecha de adquisición Fuente de adquisición Total de préstamos Signatura topográfica completa Código de barras Visto por última vez Precio de reemplazo Tipo de ítem Koha
        Colección digital Biblioteca del Ateneo de Madrid Biblioteca del Ateneo de Madrid Depósito 17/01/2008     R-208 1160046 23/02/2023 23/02/2023 Libro impreso antiguo